| 000 | 00294 a2200121 4500 | ||
|---|---|---|---|
| 999 |
_c321913 _d321913 |
||
| 001 | 86840 | ||
| 003 | NUST | ||
| 005 | 20180124095203.0 | ||
| 008 | 180124b xxu||||| |||| 00| 0 eng d | ||
| 082 | _a808.85 LOW | ||
| 100 |
_aLowne, Cathy _99647 |
||
| 245 |
_aSpeeches that changed the World _hEnglish |
||
| 260 |
_aLondon _bBounty Books _c2005 |
||
| 300 | _a192p. | ||
| 942 |
_aCAE NUST _cBK _k808.85 LOW _2ddc |
||